五臓六腑 - Statistics

General Stats
  • This quiz has been taken 264 times
  • The average score is 8 of 11
Answer Stats
Answer % Correct
肝臓
99%
心臓
98%
小腸
91%
大腸
91%
腎臓
90%
89%
88%
脾臓
73%
膀胱
54%
46%
三焦
15%
No matching quizzes found
Score Distribution
Percent of People with Each Score
Percentile by Number Answered
Your Score History
You have not taken this quiz